[Event "Hamburg-ch Seniors 65+"]
[Site "Hamburg"]
[Date "2018.11.07"]
[Round "8"]
[White "Albrecht, Norbert"]
[Black "Krotofil, Kurt"]
[Result "0-1"]
[WhiteElo "1853"]
[BlackElo "1900"]
[PlyCount "82"]
[EventDate "2018.10.31"]
[EventType "swiss"]
[EventRounds "9"]
[EventCountry "GER"]
[SourceTitle "CBM 189 Extra"]
[Source "ChessBase"]
[SourceDate "2019.05.31"]
[SourceVersion "1"]
[SourceVersionDate "2019.05.31"]
[SourceQuality "1"]

1. d4 Nf6 2. c4 e6 3. Nc3 c5 4. d5 exd5 5. cxd5 d6 6. e4 g6 7. Nf3 Bg7 8. Bd3 0-0 9. 0-0 a6 10. a4 Nbd7 11. Bf4 Qc7 12. h3 Re8 13. Nd2 Nh5 14. Bh2 Ne5 15. Be2 Nf6 16. f4 Ned7 17. Bd3 b6 18. Qc2 Bb7 19. Nc4 Rad8 20. Nxd6 Qxd6 21. e5 Qe7 22. d6 Qf8 23. exf6 Bxf6 24. f5 Bd4+ 25. Kh1 Ne5 26. Bxe5 Rxe5 27. fxg6 hxg6 28. Bxg6 Qh6 29. Be4 Bc8 30. Qd3 Rxd6 31. Qf3 Be6 32. Rae1 Rh5 33. Qg3+ Kh8 34. Bf5 Rd8 35. Bxe6 fxe6 36. Rf7 Rg8 37. Qf3 Rhg5 38. Re2 Rg3 39. Rxe6 Qc1+ 40. Qd1 Qg5 41. Ne4 Rxh3+ 0-1

[Event "Hamburg-ch Seniors 23rd"]
[Site "Hamburg"]
[Date "2016.11.09"]
[Round "8"]
[White "Mueller, Joerg"]
[Black "Albrecht, Norbert"]
[Result "1-0"]
[WhiteElo "2144"]
[BlackElo "1740"]
[PlyCount "87"]
[EventDate "2016.11.02"]
[EventType "swiss"]
[EventRounds "9"]
[EventCountry "GER"]
[SourceTitle "EXT 2019"]
[Source "ChessBase"]
[SourceDate "2018.10.10"]
[SourceVersion "1"]
[SourceVersionDate "2018.10.10"]
[SourceQuality "1"]

1. e4 e6 2. d4 d5 3. e5 c5 4. c3 Nc6 5. Nf3 Qb6 6. a3 Bd7 7. b4 cxd4 8. cxd4 a5 9. b5 Na7 10. a4 Bb4+ 11. Bd2 Bxd2+ 12. Qxd2 Nh6 13. Bd3 Nc8 14. Qg5 Kf8 15. 0-0 Ne7 16. Nbd2 Nhf5 17. Nb3 h6 18. Qd2 g6 19. g4 Ng7 20. Rac1 Qd8 21. Rc3 b6 22. Rfc1 Rc8 23. Kg2 h5 24. h3 Ne8 25. Qf4 Rxc3 26. Rxc3 Kg7 27. Ng5 f5 28. exf6+ Nxf6 29. Qe5 hxg4 30. hxg4 Qb8 31. Rc7 Qd8 32. Nd2 Rf8 33. Rc1 Qb8 34. Nxe6+ Bxe6 35. Qxe6 Qf4 36. Qxe7+ Rf7 37. Qe3 Qxg4+ 38. Kf1 Qh4 39. Nf3 Qh3+ 40. Ke2 Ng4 41. Ng5 Qg2 42. Ne6+ Kh7 43. Bxg6+ Kxg6 44. Nf4+ 1-0

[Event "Hamburg-ch Seniors 23rd"]
[Site "Hamburg"]
[Date "2016.11.05"]
[Round "4"]
[White "Kornrumpf, Joachim"]
[Black "Albrecht, Norbert"]
[Result "1-0"]
[WhiteElo "2083"]
[BlackElo "1740"]
[PlyCount "63"]
[EventDate "2016.11.02"]
[EventType "swiss"]
[EventRounds "9"]
[EventCountry "GER"]
[SourceTitle "EXT 2019"]
[Source "ChessBase"]
[SourceDate "2018.10.10"]
[SourceVersion "1"]
[SourceVersionDate "2018.10.10"]
[SourceQuality "1"]

1. c4 Nf6 2. Nf3 g6 3. b3 Bg7 4. Bb2 0-0 5. e3 c5 6. Be2 Nc6 7. 0-0 d6 8. a3 Qb6 9. d3 Be6 10. Nbd2 d5 11. cxd5 Bxd5 12. Rb1 Rad8 13. Qc2 Nd7 14. Bxg7 Kxg7 15. Rfc1 f6 16. Ne4 Bxe4 17. dxe4 e5 18. Ne1 Qc7 19. Nd3 Qa5 20. Nxc5 Nxc5 21. b4 Qa4 22. bxc5 Qxa3 23. Rxb7+ Kh6 24. h4 Rb8 25. Rcb1 Rxb7 26. Rxb7 Qa5 27. Qc4 Rb8 28. Rxb8 Qe1+ 29. Bf1 Nxb8 30. Qg8 Nd7 31. c6 Nc5 32. Qf8+ 1-0

[Event "Hamburg-ch Seniors 22nd"]
[Site "Hamburg"]
[Date "2015.10.31"]
[Round "4"]
[White "Cassens, Erhard Otto"]
[Black "Albrecht, Norbert"]
[Result "1-0"]
[WhiteElo "1870"]
[BlackElo "1535"]
[PlyCount "91"]
[EventDate "2015.10.28"]
[EventType "swiss"]
[EventRounds "9"]
[EventCountry "GER"]
[SourceTitle "EXT 2018"]
[Source "ChessBase"]
[SourceDate "2017.10.13"]
[SourceVersion "1"]
[SourceVersionDate "2017.10.13"]
[SourceQuality "1"]

1. d4 Nf6 2. Nd2 g6 3. e4 d6 4. c3 Bg7 5. Be2 0-0 6. h4 e5 7. h5 Nc6 8. d5 Ne7 9. hxg6 fxg6 10. g4 c6 11. g5 Ne8 12. c4 cxd5 13. cxd5 Qb6 14. Rh2 Bd7 15. Nc4 Qc7 16. Qb3 b5 17. Ne3 Rf4 18. f3 Qb6 19. Bd2 Rc8 20. Rc1 Rxc1+ 21. Bxc1 Nc7 22. Bd2 Na6 23. Qa3 Nc5 24. Ba5 Qb8 25. Ng2 Rf8 26. Bd2 Rc8 27. Ne3 Na4 28. Bd1 Qb6 29. Ne2 a5 30. Bxa4 bxa4 31. Nc3 Rc4 32. Rg2 Rb4 33. Ncd1 Rd4 34. Qc3 Rb4 35. a3 Rb5 36. Nc4 Qa6 37. Nxa5 Nxd5 38. exd5 e4 39. Qc7 exf3 40. Rf2 Bg4 41. Qd8+ Kf7 42. Nc6 Rb7 43. Qxd6 Rd7 44. Ne5+ Bxe5 45. Qxa6 Bg3 46. Qf6+ 1-0